Los santos y su culto / (Record no. 175682)

MARC details
000 -LEADER
campo de control de longitud fija 00944nam a2200277 i 4500
001 - NÚMERO DE CONTROL
campo de control 175682
003 - IDENTIFICADOR DE NÚMERO DE CONTROL
campo de control ES-MaACL
005 - FECHA Y HORA DE LA ÚLTIMA TRANSACCIÓN
campo de control 20250830063316.0
007 - CAMPO FIJO DE DESCRIPCIÓN FÍSICA--INFORMACIÓN GENERAL
campo de control de longitud fija t|
008 - DATOS DE LONGITUD FIJA--INFORMACIÓN GENERAL
campo de control de longitud fija 101116s1965 sp ||||1| spa d
080 ## - NÚMERO DE LA CLASIFICACIÓN DECIMAL UNIVERSAL
Número de la Clasificación Decimal Universal 27-53
080 ## - NÚMERO DE LA CLASIFICACIÓN DECIMAL UNIVERSAL
Número de la Clasificación Decimal Universal 2-584
100 1# - ENTRADA PRINCIPAL--NOMBRE DE PERSONA
Nombre de persona Molinari, Paolo.
9 (RLIN) 81975
245 14 - MENCIÓN DEL TÍTULO
Título Los santos y su culto /
Mención de responsabilidad, etc. Paolo Molinari ; prefacio del Cardenal Arcadio Larraona ; [traducción por José Antonio Garay].
260 ## - PUBLICACIÓN, DISTRIBUCIÓN, ETC.
Lugar de publicación, distribución, etc. Madrid :
Nombre del editor, distribuidor, etc. Razón y Fe,
Fecha de publicación, distribución, etc. imp. 1965.
300 ## - DESCRIPCIÓN FÍSICA
Extensión 240 p. ;
Dimensiones 23 cm.
490 1# - MENCIÓN DE SERIE
Mención de serie Biblioteca "Razón y Fe" de Teología ;
Designación de volumen o secuencia 5
500 ## - NOTA GENERAL
Nota general Índice.
594 ## - Nota al título y mención de responsabilidad
Nota al título y mención de responsabilidad Tít. original: I santi e il loro culto.
650 07 - PUNTO DE ACCESO ADICIONAL DE MATERIA--TÉRMINO DE MATERIA
Término de materia o nombre geográfico como elemento de entrada Santos-
Subdivisión general Culto
Fuente del encabezamiento o término
9 (RLIN) 143966
700 1# - ENTRADA AGREGADA--NOMBRE PERSONAL
Nombre de persona Larraona, Arcadio María,
Títulos y otros términos asociados al nombre Cardenal
9 (RLIN) 70318
700 0# - ENTRADA AGREGADA--NOMBRE PERSONAL
Nombre de persona Garay, José Antonio.
9 (RLIN) 53942
830 00 - PUNTO DE ACCESO ADICIONAL DE SERIE-TÍTULO UNIFORME
Título uniforme Biblioteca "Razón y Fe" de teología
Designación de volumen o secuencia 5
9 (RLIN) 189823
852 ## - LOCALIZACIÓN
Ubicación ES-MaACL
Número de control de estantería E-13546
Encuadernación Olim P-859
Holdings
Estatus retirado Estado de pérdida Estado de daño No para préstamo Biblioteca de origen Biblioteca actual Ubicación en estantería Fecha de adquisición Fuente de adquisición Total de préstamos Signatura topográfica completa Código de barras Visto por última vez Precio de reemplazo Tipo de ítem Koha
        Biblioteca del Ateneo de Madrid Biblioteca del Ateneo de Madrid Depósito 2 16/11/2010     E-13546 1184484 23/02/2023 23/02/2023 Libro impreso